01767nam a2200241 a 450000100100000000500170001000800410002702000180006804000250008608200150011110000390012624500690016526000370023430000360027150000470030750400320035450507360038659000260112295201280114895201130127695201190138999900170150800004715120201002053411.0180417s2017 dr abc 000 0 spa d a9789945124583 aDO-SdBNPbspacBNPHU axxxxbxxxx1 aEspinal, Lidia M. Joaquín97493710aCiencias sociales 3 :bsecundaria /cLidia M. Joaquín Espinal. aSanto Domingo :bSusaeta,c2017. a240 p. :bil., retrs. ;c29 cm. aEnfoque por competencias nuevo currículo aBibliografía : p. 239-2400 aLatinoamerica: expansionismo y hegemonia estadounidenses 1900-1930 --tGuerra hispano-norteamericana (1895-1898) --tAmerica en el marco de la Primera Guerra Mundial --tEstados Unidos interviene en los paises del Caribe --tLa revolucción mexicana --tRepública oligárquicas y regimenes autoritarios --tSociedad pensamiento y cultura --tSegunda guerra mundial. Hegemonía de los Estados Unidos --tLa revolución cubana y sus repercuciones --tLa guerra fría en América Latina: dictaduras y regímenes de seguridad nacional, derechos humanos --tCrisis económica y cambios en la política de los Estados Unidos hacia América Latina --tLos restos del presente latinoamericano en la época de la globalizacion. aInventariado, 2018/LP 001054708DSaGRbGRcHDd2018-04-17iLF1l0oxxxx xxxxp47151-30r2020-06-25te. 3w2020-06-25yLFDSZPréstamo en sala 0010718PDaPDbPDcHDd2018-04-17iLF1l0oxxxx xxxxp47151-10r2020-06-25w2020-06-25yLFPDZNo se presta 0010718PDaPDbPDcHDd2018-04-17iLF1l0oxxxx xxxxp47151-20r2020-06-25te. 2w2020-06-25yLFPDZNo se presta c46639d46639